Dante's Nine Circles of Hell - Statistics

General Stats
  • This quiz has been taken 132 times
  • The average score is 6 of 9
Answer Stats
Hint Answer % Correct
Level 2 Lust
91%
Level 3 Gluttony
86%
Level 1 Limbo
81%
Level 5 Wrath
80%
Level 4 Greed
72%
Level 9 Treachery
63%
Level 6 Heresy
59%
Level 7 Violence
56%
Level 8 Fraud
48%
No matching quizzes found
Score Distribution
Percent of People with Each Score
Percentile by Number Answered
Your Score History
You have not taken this quiz